| 000 | 00593nam a22002177a 4500 | ||
|---|---|---|---|
| 003 | OSt | ||
| 005 | 20170120181002.0 | ||
| 008 | 170120b xxu||||| |||| 00| 0 eng d | ||
| 020 | _a1898683239 | ||
| 020 | _a1898683131 | ||
| 040 | _cDMLN | ||
| 082 | _aWS340 F391 2001 | ||
| 100 |
_aFernandez-alvarez, Emilio; Alcardi, Jean _911423 |
||
| 245 | _aMovement Disorders in Children | ||
| 260 | _aLondon; Mac Keith Press, 2001 | ||
| 300 | _aviii,263p; ill: 24cm | ||
| 504 | _aReferences, index included | ||
| 650 |
_aMovement disorders _911424 |
||
| 650 |
_aChildren _943 |
||
| 942 |
_2z _cO_SHELF |
||
| 999 |
_c5471 _d5471 |
||